Descriptive Catalogue : (Record no. 22785)

000 -LEADER
fixed length control field 00406nam a2200169Ia 4500
001 - CONTROL NUMBER
control field 0000-1657
003 - CONTROL NUMBER IDENTIFIER
control field ELIB.Books
005 - DATE AND TIME OF LATEST TRANSACTION
control field 20230306091000.0
008 - FIXED-LENGTH DATA ELEMENTS--GENERAL INFORMATION
fixed length control field 160624 2010 eng
040 ## - CATALOGING SOURCE
Transcribing agency SSBUL
082 ## - DEWEY DECIMAL CLASSIFICATION NUMBER
Classification number 025.3
245 10 - TITLE STATEMENT
Title Descriptive Catalogue :
Remainder of title 108 Years in Indology.
260 ## - PUBLICATION, DISTRIBUTION, ETC.
Place of publication, distribution, etc. Delhi
Name of publisher, distributor, etc. Motilal Banarsidass
Date of publication, distribution, etc. 1903
300 ## - PHYSICAL DESCRIPTION
Extent 226 p.
Dimensions 28 cm
650 ## - SUBJECT ADDED ENTRY--TOPICAL TERM
Topical term or geographic name entry element Cataloging
942 ## - ADDED ENTRY ELEMENTS (KOHA)
Koha item type Book (Short term)
650 ## - SUBJECT ADDED ENTRY--TOPICAL TERM
9 (RLIN) 5644
942 ## - ADDED ENTRY ELEMENTS (KOHA)
Call number suffix De
Source of classification or shelving scheme
Holdings
Withdrawn status Lost status Source of classification or shelving scheme Damaged status Not for loan Collection Code Permanent Location Current Location Shelving location Date acquired Total Checkouts Full call number Barcode Date last seen Price effective from Koha item type Accession
          English Collection | English Collection Shan State Buddhist University Library Shan State Buddhist University Library English Shelves 06/03/2023   025.3 De 3648 EB00003648 06/03/2023 06/03/2023 Book (Short term) 3648

Library - 09407999929
Admin Office - 09407999979
Dean Office - 09250910768
Registrar Office - 09892297154
Email - [email protected]
Shan State Buddhist University, Phaya Phyu Taunggyi, Shan State, Myanmar.